000 00227 a2200097 4500
001 42831
100 _aAnjum Zahid Hussain
245 _aPakistan kay Teen Saal
260 _aLahore
_bSheikh Ghulam Ali
_c
090 _c26721
_d26721
942 _aNUST-CAE
_cM
_c18582
999 _c277904
_d277904